[Event "2023 National K-12 Grade Championships"]
[Site "Orlando, Florida, United States"]
[Date "2023.12.16"]
[Round "5.14"]
[White "Buchanan, Royal"]
[Black "Paragua, Dominic"]
[Result "0-1"]
[TimeControl "G/90;d10"]
[WhiteElo "2215"]
[BlackElo "2004"]

1. e4 {[%clk 01:26:12]} {[%emt 00:03:58]} c5 {[%clk 01:30:00]} {[%emt
00:00:02]} 2. Nf3 {[%clk 01:25:41]} {[%emt 00:00:40]} Nf6 {[%clk 01:30:00]}
{[%emt 00:00:05]} 3. d3 {[%clk 01:25:16]} {[%emt 00:00:35]} d6 {[%clk
01:30:00]} {[%emt 00:00:05]} 4. g3 {[%clk 01:25:16]} {[%emt 00:00:07]} e6
{[%clk 01:30:00]} {[%emt 00:00:07]} 5. Bg2 {[%clk 01:25:16]} {[%emt 00:00:07]}
Be7 {[%clk 01:30:00]} {[%emt 00:00:07]} 6. O-O {[%clk 01:25:12]} {[%emt
00:00:15]} O-O {[%clk 01:29:38]} {[%emt 00:00:32]} 7. Re1 {[%clk 01:25:12]}
{[%emt 00:00:06]} Nc6 {[%clk 01:29:20]} {[%emt 00:00:28]} 8. c3 {[%clk
01:24:37]} {[%emt 00:00:45]} Qc7 {[%clk 01:28:04]} {[%emt 00:01:26]} 9. d4
{[%clk 01:21:43]} {[%emt 00:03:04]} cxd4 {[%clk 01:27:40]} {[%emt 00:00:33]} 10.
cxd4 {[%clk 01:21:43]} {[%emt 00:00:10]} a6 {[%clk 01:14:17]} {[%emt 00:13:34]}
11. Nc3 {[%clk 01:17:05]} {[%emt 00:04:47]} Re8 {[%clk 01:12:26]} {[%emt
00:02:01]} 12. e5 {[%clk 00:52:13]} {[%emt 00:25:02]} dxe5 {[%clk 01:03:41]}
{[%emt 00:08:56]} 13. dxe5 {[%clk 00:51:51]} {[%emt 00:00:31]} Nd7 {[%clk
01:03:30]} {[%emt 00:00:21]} 14. Bf4 {[%clk 00:50:56]} {[%emt 00:01:05]} b5
{[%clk 01:01:30]} {[%emt 00:02:10]} 15. Rc1 {[%clk 00:49:24]} {[%emt 00:01:42]}
Bb7 {[%clk 00:49:02]} {[%emt 00:12:38]} 16. Qe2 {[%clk 00:37:14]} {[%emt
00:12:21]} Rac8 {[%clk 00:42:24]} {[%emt 00:06:48]} 17. Red1 {[%clk 00:32:12]}
{[%emt 00:05:12]} Nb6 {[%clk 00:34:19]} {[%emt 00:08:15]} 18. Nd2 {[%clk
00:27:57]} {[%emt 00:04:24]} Red8 {[%clk 00:28:26]} {[%emt 00:06:03]} 19. Nde4
{[%clk 00:10:25]} {[%emt 00:17:42]} Rxd1+ {[%clk 00:13:10]} {[%emt 00:15:27]}
20. Qxd1 {[%clk 00:08:17]} {[%emt 00:02:17]} Nc4 {[%clk 00:12:04]} {[%emt
00:01:16]} 21. Nd6 {[%clk 00:06:58]} {[%emt 00:01:30]} Bxd6 {[%clk 00:09:09]}
{[%emt 00:03:04]} 22. exd6 {[%clk 00:06:58]} {[%emt 00:00:07]} Qd7 {[%clk
00:08:43]} {[%emt 00:00:36]} 23. b3 {[%clk 00:06:36]} {[%emt 00:00:32]} Nb6
{[%clk 00:07:32]} {[%emt 00:01:21]} 24. Ne4 {[%clk 00:05:40]} {[%emt 00:01:05]}
Nb4 {[%clk 00:04:18]} {[%emt 00:03:25]} 25. Nc5 {[%clk 00:05:04]} {[%emt
00:00:46]} Rxc5 {[%clk 00:04:18]} {[%emt 00:00:01]} 26. Rxc5 {[%clk 00:05:01]}
{[%emt 00:00:12]} N4d5 {[%clk 00:04:18]} {[%emt 00:00:06]} 27. Qd4 {[%clk
00:03:23]} {[%emt 00:01:48]} f6 {[%clk 00:03:56]} {[%emt 00:00:32]} 28. Bh3
{[%clk 00:00:51]} {[%emt 00:02:42]} Kf7 {[%clk 00:03:19]} {[%emt 00:00:48]} 29.
Qe4 {[%clk 00:00:22]} {[%emt 00:00:39]} g6 {[%clk 00:03:19]} {[%emt 00:00:03]}
30. Rc1 {[%clk 00:00:17]} {[%emt 00:00:15]} Nxf4 {[%clk 00:01:09]} {[%emt
00:02:20]} 31. Qxf4 {[%emt 00:00:02]} Nd5 {[%clk 00:01:09]} 32. Qh6 {[%clk
00:00:10]} {[%emt 00:00:17]} Kg8 {[%clk 00:01:01]} {[%emt 00:00:19]} 33. Re1
{[%clk 00:00:10]} {[%emt 00:00:01]} f5 {[%clk 00:00:37]} {[%emt 00:00:34]} 34.
Bg2 {[%clk 00:00:10]} {[%emt 00:00:02]} Qxd6 {[%clk 00:00:37]} {[%emt
00:00:11]} 35. h4 {[%clk 00:00:10]} {[%emt 00:00:01]} e5 {[%clk 00:00:27]}
{[%emt 00:00:21]} 36. h5 {[%clk 00:00:10]} {[%emt 00:00:05]} e4 {[%clk
00:00:27]} {[%emt 00:00:04]} 37. hxg6 {[%clk 00:00:10]} {[%emt 00:00:06]} hxg6
{[%clk 00:00:27]} {[%emt 00:00:09]} 38. Qg5 {[%clk 00:00:10]} {[%emt 00:00:05]}
Kg7 {[%clk 00:00:26]} {[%emt 00:00:11]} 39. Bh3 {[%clk 00:00:04]} {[%emt
00:00:16]} Qf6 {[%clk 00:00:18]} {[%emt 00:00:18]} 40. Qd2 {[%clk 00:00:04]}
{[%emt 00:00:02]} Qc3 {[%clk 00:00:18]} {[%emt 00:00:11]} 41. Qxc3+ {[%clk
00:00:04]} {[%emt 00:00:04]} Nxc3 {[%clk 00:00:18]} {[%emt 00:00:03]} 42. a3
{[%clk 00:00:04]} {[%emt 00:00:04]} a5 {[%clk 00:00:18]} {[%emt 00:00:03]} 43.
Bf1 {[%clk 00:00:04]} {[%emt 00:00:01]} b4 {[%clk 00:00:18]} {[%emt 00:00:02]}
44. Rc1 {[%clk 00:00:04]} {[%emt 00:00:06]} Bd5 {[%clk 00:00:18]} {[%emt
00:00:07]} 45. axb4 {[%clk 00:00:04]} {[%emt 00:00:02]} axb4 {[%clk 00:00:18]}
{[%emt 00:00:01]} 46. Bc4 {[%clk 00:00:04]} Bxc4 {[%clk 00:00:18]} {[%emt
00:00:02]} 47. Kg2 {[%clk 00:00:04]} {[%emt 00:00:05]} Bxb3 {[%clk 00:00:18]}
{[%emt 00:00:03]} 48. Kf1 {[%clk 00:00:04]} {[%emt 00:00:05]} Bc4+ {[%clk
00:00:18]} {[%emt 00:00:03]} 49. Ke1 {[%clk 00:00:04]} {[%emt 00:00:03]} Bd3
{[%clk 00:00:18]} {[%emt 00:00:03]} 50. Ra1 {[%clk 00:00:04]} {[%emt 00:00:09]}
b3 {[%clk 00:00:16]} {[%emt 00:00:11]} 51. Kd2 {[%clk 00:00:04]} {[%emt
00:00:04]} b2 {[%clk 00:00:16]} {[%emt 00:00:02]} 52. Ra7+ {[%clk 00:00:04]}
{[%emt 00:00:01]} Kf6 {[%clk 00:00:16]} {[%emt 00:00:02]} 53. Kxc3 {[%clk
00:00:04]} {[%emt 00:00:02]} b1=Q {[%emt 00:00:02]} 54. Kd2 {[%clk 00:00:04]}
{[%emt 00:00:03]} Qb2+ {[%clk 00:00:16]} {[%emt 00:00:02]} 55. Ke3 {[%clk
00:00:04]} {[%emt 00:00:03]} Qb6+ {[%clk 00:00:16]} {[%emt 00:00:02]} 56. Kd2
{[%clk 00:00:04]} {[%emt 00:00:01]} Qxa7 {[%clk 00:00:16]} {[%emt 00:00:01]} 57.
Ke1 {[%clk 00:00:04]} Qa5+ {[%clk 00:00:16]} {[%emt 00:00:02]} 58. Kd1 {[%clk
00:00:04]} {[%emt 00:00:01]} Qa2 {[%clk 00:00:16]} 59. Kc1 {[%clk 00:00:04]}
{[%emt 00:00:01]} Qc2# {[%clk 00:00:16]} 0-1

[Event "2023 National K-12 Grade Championships"]
[Site "Orlando, Florida, United States"]
[Date "2023.12.16"]
[Round "5.15"]
[White "Natha, Nirav"]
[Black "Liu, Eric Chang"]
[Result "1/2-1/2"]
[TimeControl "G/90;d10"]
[WhiteElo "2020"]
[BlackElo "2377"]

1. e4 {[%clk 01:30:00]} {[%emt 00:00:04]} c5 {[%clk 01:30:00]} {[%emt
00:00:05]} 2. Nf3 {[%clk 01:30:00]} {[%emt 00:00:09]} d6 {[%clk 01:30:00]}
{[%emt 00:00:05]} 3. Bb5+ {[%clk 01:30:00]} {[%emt 00:00:06]} Nd7 {[%clk
01:30:00]} {[%emt 00:00:06]} 4. O-O {[%clk 01:30:00]} {[%emt 00:00:11]} a6
{[%clk 01:30:00]} {[%emt 00:00:06]} 5. Bd3 {[%clk 01:30:00]} {[%emt 00:00:10]}
Ngf6 {[%clk 01:30:00]} {[%emt 00:00:07]} 6. Re1 {[%clk 01:29:52]} {[%emt
00:00:18]} e6 {[%clk 01:29:54]} {[%emt 00:00:17]} 7. Bf1 {[%clk 01:29:05]}
{[%emt 00:00:57]} Be7 {[%clk 01:28:37]} {[%emt 00:01:27]} 8. c4 {[%clk
01:25:36]} {[%emt 00:03:39]} Ne5 {[%clk 01:27:53]} {[%emt 00:00:54]} 9. Nc3
{[%clk 01:23:24]} {[%emt 00:02:21]} O-O {[%clk 01:26:53]} {[%emt 00:01:11]} 10.
d3 {[%clk 01:21:50]} {[%emt 00:01:45]} Rb8 {[%clk 01:18:57]} {[%emt 00:08:06]}
11. h3 {[%clk 01:08:03]} {[%emt 00:13:56]} Qc7 {[%clk 01:12:34]} {[%emt
00:06:33]} 12. Be3 {[%clk 01:02:11]} {[%emt 00:06:00]} b5 {[%clk 01:01:26]}
{[%emt 00:11:20]} 13. cxb5 {[%clk 00:51:40]} {[%emt 00:10:42]} axb5 {[%clk
01:01:26]} {[%emt 00:00:05]} 14. d4 {[%clk 00:51:29]} {[%emt 00:00:20]} Nxf3+
{[%clk 01:00:10]} {[%emt 00:01:27]} 15. Qxf3 {[%clk 00:51:25]} {[%emt
00:00:14]} cxd4 {[%clk 01:00:10]} {[%emt 00:00:10]} 16. Bxd4 {[%clk 00:51:20]}
{[%emt 00:00:15]} b4 {[%clk 00:59:01]} {[%emt 00:01:19]} 17. e5 {[%clk
00:45:58]} {[%emt 00:05:31]} Bb7 {[%clk 00:49:01]} {[%emt 00:10:10]} 18. Nb5
{[%clk 00:40:46]} {[%emt 00:05:22]} Qd7 {[%clk 00:48:01]} {[%emt 00:01:11]} 19.
Qg3 {[%clk 00:39:00]} {[%emt 00:01:55]} dxe5 {[%clk 00:36:14]} {[%emt
00:11:58]} 20. Bxe5 {[%clk 00:38:33]} {[%emt 00:00:36]} Rbd8 {[%emt 00:17:18]}
21. Rac1 {[%emt 00:00:02]} Qd2 {[%emt 00:00:06]} 22. Bf4 {[%emt 00:00:07]} Qd7
{[%emt 00:00:06]} 23. Be5 Rc8 {[%clk 00:19:36]} {[%emt 00:00:01]} 24. Ra1
1/2-1/2

[Event "2023 National K-12 Grade Championships"]
[Site "Orlando, Florida, United States"]
[Date "2023.12.16"]
[Round "5.16"]
[White "Chakrabarti, Brejesh"]
[Black "Moorhouse, Will"]
[Result "0-1"]
[TimeControl "G/90;d10"]
[WhiteElo "2328"]
[BlackElo "2000"]

1. Nf3 {[%clk 01:29:46]} {[%emt 00:00:22]} d5 {[%clk 01:29:53]} {[%emt
00:00:18]} 2. g3 {[%clk 01:29:27]} {[%emt 00:00:29]} Nd7 {[%clk 01:28:58]}
{[%emt 00:01:05]} 3. Bg2 {[%clk 01:29:27]} {[%emt 00:00:10]} e5 {[%clk
01:28:10]} {[%emt 00:00:58]} 4. d3 {[%clk 01:29:27]} Ngf6 {[%clk 01:27:15]}
{[%emt 00:01:06]} 5. O-O {[%clk 01:28:56]} {[%emt 00:00:40]} Bd6 {[%clk
01:26:45]} {[%emt 00:00:40]} 6. Nbd2 {[%clk 01:28:41]} {[%emt 00:00:25]} c6
{[%clk 01:26:17]} {[%emt 00:00:39]} 7. e4 {[%clk 01:28:31]} {[%emt 00:00:19]}
O-O {[%clk 01:26:04]} {[%emt 00:00:24]} 8. Re1 {[%clk 01:27:32]} {[%emt
00:01:09]} Re8 {[%clk 01:24:50]} {[%emt 00:01:23]} 9. b3 {[%clk 01:26:39]}
{[%emt 00:01:03]} a5 {[%clk 01:22:46]} {[%emt 00:02:14]} 10. a4 {[%clk
01:24:20]} {[%emt 00:02:29]} Qc7 {[%clk 01:15:37]} {[%emt 00:07:20]} 11. Bb2
{[%clk 01:22:28]} {[%emt 00:02:00]} h6 {[%clk 01:11:44]} {[%emt 00:04:04]} 12.
exd5 {[%clk 01:16:14]} {[%emt 00:06:25]} cxd5 {[%clk 01:11:22]} {[%emt
00:00:31]} 13. d4 {[%clk 01:13:24]} {[%emt 00:03:00]} e4 {[%clk 01:09:43]}
{[%emt 00:01:49]} 14. Nh4 {[%clk 01:13:08]} {[%emt 00:00:23]} Nf8 {[%clk
01:05:32]} {[%emt 00:04:24]} 15. Bh1 {[%clk 01:12:24]} {[%emt 00:00:54]} e3
{[%clk 00:59:47]} {[%emt 00:05:56]} 16. Rxe3 {[%clk 01:01:40]} {[%emt
00:10:53]} Rxe3 {[%clk 00:58:05]} {[%emt 00:01:53]} 17. fxe3 {[%clk 01:01:40]}
{[%emt 00:00:02]} Bxg3 {[%clk 00:56:43]} {[%emt 00:01:31]} 18. hxg3 {[%clk
00:48:47]} {[%emt 00:13:03]} Qxg3+ {[%clk 00:56:42]} {[%emt 00:00:12]} 19. Ng2
{[%clk 00:48:47]} Ng4 {[%clk 00:55:51]} {[%emt 00:01:02]} 20. Qf3 {[%clk
00:48:47]} {[%emt 00:00:01]} Qh2+ {[%clk 00:55:45]} {[%emt 00:00:17]} 21. Kf1
{[%clk 00:48:47]} Qxh1+ {[%clk 00:53:56]} {[%emt 00:02:00]} 22. Ke2 {[%clk
00:48:47]} Qh2 {[%clk 00:52:21]} {[%emt 00:01:44]} 23. Nf1 {[%clk 00:47:24]}
{[%emt 00:01:33]} Qc7 {[%clk 00:51:14]} {[%emt 00:01:16]} 24. Kd2 {[%clk
00:46:32]} {[%emt 00:01:02]} Nf6 {[%clk 00:50:29]} {[%emt 00:00:55]} 25. Nf4
{[%clk 00:40:05]} {[%emt 00:06:37]} Bf5 {[%clk 00:47:57]} {[%emt 00:02:42]} 26.
Rc1 {[%clk 00:38:35]} {[%emt 00:01:40]} Ne4+ {[%clk 00:43:40]} {[%emt
00:04:28]} 27. Ke1 {[%clk 00:38:02]} {[%emt 00:00:39]} Qe7 {[%clk 00:41:18]}
{[%emt 00:02:35]} 28. Nh5 {[%clk 00:34:45]} {[%emt 00:03:27]} Qh4+ {[%clk
00:31:29]} {[%emt 00:10:00]} 29. Nhg3 {[%clk 00:34:45]} {[%emt 00:00:10]} Bh3
{[%clk 00:30:16]} {[%emt 00:01:23]} 30. Qf4 {[%clk 00:33:29]} {[%emt 00:01:26]}
Qxf4 31. exf4 {[%clk 00:33:29]} Re8 {[%clk 00:26:21]} {[%emt 00:03:43]} 32.
Nxe4 {[%clk 00:33:00]} {[%emt 00:00:39]} Rxe4+ {[%clk 00:24:53]} {[%emt
00:01:38]} 33. Kd2 {[%clk 00:32:53]} {[%emt 00:00:17]} Bxf1 {[%clk 00:23:29]}
{[%emt 00:01:35]} 34. Rxf1 {[%clk 00:32:53]} {[%emt 00:00:03]} Ne6 {[%clk
00:23:24]} {[%emt 00:00:15]} 35. c4 {[%clk 00:28:19]} {[%emt 00:04:43]} Nxf4
{[%clk 00:20:50]} {[%emt 00:02:45]} 36. Bc3 {[%clk 00:25:45]} {[%emt 00:02:44]}
g5 {[%clk 00:19:54]} {[%emt 00:01:07]} 37. Bxa5 {[%clk 00:25:04]} {[%emt
00:00:51]} dxc4 {[%clk 00:19:14]} {[%emt 00:00:50]} 38. bxc4 {[%clk 00:24:51]}
{[%emt 00:00:22]} Rxd4+ {[%clk 00:19:14]} {[%emt 00:00:09]} 39. Kc3 {[%clk
00:24:51]} {[%emt 00:00:03]} Ne2+ {[%clk 00:18:00]} {[%emt 00:01:24]} 40. Kb4
{[%clk 00:24:41]} {[%emt 00:00:21]} g4 {[%clk 00:16:55]} {[%emt 00:01:15]} 41.
Kc5 {[%clk 00:24:38]} {[%emt 00:00:13]} g3 {[%clk 00:16:06]} {[%emt 00:00:59]}
42. Bc7 {[%clk 00:23:47]} {[%emt 00:01:00]} g2 {[%clk 00:13:22]} {[%emt
00:02:55]} 43. Re1 {[%clk 00:23:47]} Rh4 {[%clk 00:13:06]} {[%emt 00:00:26]} 44.
Kb6 {[%clk 00:23:47]} {[%emt 00:00:09]} Rh1 {[%clk 00:11:28]} {[%emt 00:01:48]}
45. Kxb7 {[%clk 00:23:47]} {[%emt 00:00:09]} Rxe1 {[%clk 00:11:28]} {[%emt
00:00:07]} 46. Bb6 {[%clk 00:23:47]} {[%emt 00:00:04]} Rb1 {[%clk 00:11:28]}
{[%emt 00:00:10]} 0-1

[Event "2023 National K-12 Grade Championships"]
[Site "Orlando, Florida, United States"]
[Date "2023.12.16"]
[Round "5.17"]
[White "Jiang, Andrew"]
[Black "Zhang, David"]
[Result "1-0"]
[TimeControl "G/90;d10"]
[WhiteElo "2314"]
[BlackElo "1834"]

1. e4 {[%clk 01:30:00]} {[%emt 00:00:03]} c5 {[%clk 01:30:00]} {[%emt
00:00:08]} 2. c3 {[%clk 01:30:00]} {[%emt 00:00:07]} d5 {[%clk 01:29:55]}
{[%emt 00:00:16]} 3. exd5 {[%clk 01:30:00]} {[%emt 00:00:08]} Qxd5 {[%clk
01:29:55]} {[%emt 00:00:07]} 4. d4 {[%clk 01:30:00]} {[%emt 00:00:09]} Nc6
{[%clk 01:29:55]} {[%emt 00:00:08]} 5. Nf3 {[%clk 01:30:00]} {[%emt 00:00:05]}
Bg4 {[%clk 01:29:49]} {[%emt 00:00:17]} 6. dxc5 {[%clk 01:30:00]} {[%emt
00:00:09]} Qxd1+ {[%clk 01:28:36]} {[%emt 00:01:23]} 7. Kxd1 {[%clk 01:30:00]}
{[%emt 00:00:02]} e6 {[%clk 01:24:52]} {[%emt 00:03:53]} 8. Be3 {[%clk
01:22:15]} {[%emt 00:07:55]} Nf6 {[%clk 01:21:33]} {[%emt 00:03:30]} 9. Bb5
{[%clk 01:07:35]} {[%emt 00:14:50]} Rd8+ {[%clk 01:10:57]} {[%emt 00:10:46]} 10.
Ke1 {[%clk 01:02:53]} {[%emt 00:04:52]} Bxf3 {[%clk 01:05:46]} {[%emt
00:05:22]} 11. gxf3 {[%clk 01:02:53]} {[%emt 00:00:01]} Nd5 {[%clk 00:59:43]}
{[%emt 00:06:13]} 12. b4 {[%clk 01:02:53]} {[%emt 00:00:02]} Be7 {[%clk
00:55:59]} {[%emt 00:03:53]} 13. a4 {[%clk 01:01:07]} {[%emt 00:01:55]} Bf6
{[%clk 00:51:56]} {[%emt 00:04:13]} 14. Ra3 {[%clk 01:00:29]} {[%emt 00:00:49]}
O-O {[%clk 00:49:10]} {[%emt 00:02:54]} 15. Bxc6 {[%clk 00:55:28]} {[%emt
00:05:13]} bxc6 {[%clk 00:46:03]} {[%emt 00:03:17]} 16. Rb3 {[%clk 00:53:03]}
{[%emt 00:02:35]} Rb8 {[%clk 00:43:44]} {[%emt 00:02:28]} 17. Ke2 {[%clk
00:48:30]} {[%emt 00:04:44]} a5 {[%clk 00:42:54]} {[%emt 00:00:59]} 18. b5
{[%clk 00:47:45]} {[%emt 00:00:55]} cxb5 {[%clk 00:42:43]} {[%emt 00:00:22]} 19.
Rxb5 {[%clk 00:47:05]} {[%emt 00:00:51]} Bxc3 {[%clk 00:38:30]} {[%emt
00:04:22]} 20. Rc1 {[%clk 00:44:44]} {[%emt 00:02:31]} Be5 {[%clk 00:31:50]}
{[%emt 00:06:50]} 21. Bd2 {[%clk 00:41:22]} {[%emt 00:03:32]} Rfc8 {[%clk
00:27:32]} {[%emt 00:04:28]} 22. h4 {[%clk 00:37:37]} {[%emt 00:03:56]} Bf6
{[%clk 00:19:48]} {[%emt 00:07:54]} 23. h5 {[%clk 00:31:34]} {[%emt 00:06:12]}
Bd8 {[%clk 00:19:48]} {[%emt 00:00:06]} 24. Na3 {[%clk 00:30:35]} {[%emt
00:01:09]} Rxb5 {[%clk 00:17:00]} {[%emt 00:02:59]} 25. axb5 {[%clk 00:30:01]}
{[%emt 00:00:43]} Be7 {[%clk 00:11:42]} {[%emt 00:05:28]} 26. b6 {[%clk
00:30:01]} {[%emt 00:00:09]} Rb8 {[%clk 00:10:08]} {[%emt 00:01:43]} 27. Bxa5
{[%clk 00:28:37]} {[%emt 00:01:35]} Nf4+ {[%clk 00:09:01]} {[%emt 00:01:17]} 28.
Ke3 {[%clk 00:27:33]} {[%emt 00:01:13]} Bg5 {[%clk 00:08:08]} {[%emt 00:01:04]}
29. Rc4 {[%clk 00:26:13]} {[%emt 00:01:29]} Rd8 {[%clk 00:07:48]} {[%emt
00:00:31]} 30. Rxf4 {[%clk 00:22:39]} {[%emt 00:03:44]} e5 {[%clk 00:07:13]}
{[%emt 00:00:44]} 31. b7 {[%clk 00:22:39]} {[%emt 00:00:06]} Bxf4+ {[%clk
00:07:01]} {[%emt 00:00:22]} 32. Ke2 {[%clk 00:19:47]} {[%emt 00:03:03]} Rb8
{[%clk 00:06:20]} {[%emt 00:00:50]} 33. c6 {[%clk 00:19:47]} {[%emt 00:00:02]}
e4 {[%clk 00:06:20]} {[%emt 00:00:08]} 34. Nb5 {[%clk 00:19:33]} {[%emt
00:00:23]} exf3+ {[%clk 00:06:20]} {[%emt 00:00:07]} 35. Kxf3 {[%clk 00:19:33]}
{[%emt 00:00:07]} Be5 {[%clk 00:06:17]} {[%emt 00:00:13]} 36. Bc7 {[%clk
00:19:33]} {[%emt 00:00:08]} 1-0

[Event "2023 National K-12 Grade Championships"]
[Site "Orlando, Florida, United States"]
[Date "2023.12.16"]
[Round "5.18"]
[White "Lee, Rohan"]
[Black "Das, Aditeya"]
[Result "1/2-1/2"]
[TimeControl "G/90;d10"]
[WhiteElo "1788"]
[BlackElo "2129"]

1. e4 {[%clk 01:30:00]} e5 {[%clk 01:30:00]} {[%emt 00:00:04]} 2. Nf3 {[%clk
01:30:00]} {[%emt 00:00:05]} Nc6 {[%clk 01:30:00]} {[%emt 00:00:03]} 3. Bc4
{[%clk 01:30:00]} {[%emt 00:00:06]} Bc5 {[%clk 01:30:00]} {[%emt 00:00:04]} 4.
c3 {[%clk 01:30:00]} {[%emt 00:00:05]} Nf6 {[%clk 01:30:00]} {[%emt 00:00:02]}
5. d4 {[%clk 01:30:00]} {[%emt 00:00:05]} exd4 {[%clk 01:29:57]} {[%emt
00:00:13]} 6. e5 {[%clk 01:30:00]} {[%emt 00:00:02]} d5 {[%clk 01:29:57]}
{[%emt 00:00:05]} 7. Bb5 {[%clk 01:30:00]} {[%emt 00:00:05]} Ne4 {[%clk
01:29:57]} {[%emt 00:00:04]} 8. cxd4 {[%clk 01:30:00]} {[%emt 00:00:06]} Bb4+
{[%clk 01:29:57]} {[%emt 00:00:06]} 9. Nbd2 {[%clk 01:30:00]} {[%emt 00:00:05]}
O-O {[%clk 01:29:46]} {[%emt 00:00:21]} 10. O-O {[%clk 01:29:03]} {[%emt
00:01:07]} Bg4 {[%clk 01:29:16]} {[%emt 00:00:40]} 11. Qa4 {[%clk 01:28:36]}
{[%emt 00:00:38]} Bxd2 {[%clk 01:24:56]} {[%emt 00:04:29]} 12. Nxd2 {[%clk
01:28:30]} {[%emt 00:00:16]} Nxd2 {[%clk 01:24:30]} {[%emt 00:00:37]} 13. Bxd2
{[%clk 01:28:30]} Bd7 {[%clk 01:24:17]} {[%emt 00:00:24]} 14. Rac1 {[%clk
01:26:04]} {[%emt 00:02:35]} a6 {[%clk 01:24:16]} {[%emt 00:00:11]} 15. Bxc6
{[%clk 01:26:04]} {[%emt 00:00:10]} Bxc6 {[%clk 01:24:16]} {[%emt 00:00:04]} 16.
Qc2 {[%clk 01:25:29]} {[%emt 00:00:44]} Re8 {[%clk 01:20:54]} {[%emt 00:03:32]}
17. f4 {[%clk 01:24:52]} {[%emt 00:00:48]} f6 {[%clk 01:20:28]} {[%emt
00:00:36]} 18. Rf3 {[%clk 01:24:16]} {[%emt 00:00:46]} Bd7 {[%clk 01:10:42]}
{[%emt 00:09:56]} 19. Qxc7 {[%clk 01:23:40]} {[%emt 00:00:46]} Bc6 {[%clk
01:10:39]} {[%emt 00:00:12]} 20. Ba5 {[%clk 01:22:33]} {[%emt 00:01:18]} Qxc7
{[%clk 01:10:22]} {[%emt 00:00:27]} 21. Bxc7 {[%clk 01:22:33]} {[%emt
00:00:02]} Rac8 {[%clk 01:08:57]} {[%emt 00:01:35]} 22. Bd6 {[%clk 01:22:03]}
{[%emt 00:00:40]} f5 {[%clk 01:08:46]} {[%emt 00:00:22]} 23. Rfc3 {[%clk
01:21:17]} {[%emt 00:00:56]} Kf7 {[%clk 01:08:40]} {[%emt 00:00:15]} 24. Kf2
{[%clk 01:20:57]} {[%emt 00:00:30]} h6 {[%clk 01:08:07]} {[%emt 00:00:44]} 25.
h4 {[%clk 01:20:41]} {[%emt 00:00:26]} Ke6 {[%clk 01:06:49]} {[%emt 00:01:28]}
26. a4 {[%clk 01:20:25]} {[%emt 00:00:27]} Bd7 {[%clk 01:04:31]} {[%emt
00:02:25]} 27. a5 {[%clk 01:18:08]} {[%emt 00:02:28]} Rxc3 {[%clk 01:04:29]}
{[%emt 00:00:12]} 28. Rxc3 {[%clk 01:18:08]} {[%emt 00:00:02]} Rc8 {[%clk
01:03:42]} {[%emt 00:00:58]} 29. Bc7 {[%clk 01:17:11]} {[%emt 00:01:07]} Be8
{[%clk 01:03:18]} {[%emt 00:00:33]} 30. Rc5 {[%clk 01:14:25]} {[%emt 00:02:56]}
Kd7 {[%clk 00:59:16]} {[%emt 00:04:12]} 31. Bd6 {[%clk 01:14:22]} {[%emt
00:00:13]} Rxc5 {[%clk 00:59:16]} {[%emt 00:00:06]} 32. Bxc5 {[%clk 01:14:22]}
{[%emt 00:00:01]} h5 {[%clk 00:59:16]} {[%emt 00:00:07]} 33. Ke3 {[%clk
01:13:48]} {[%emt 00:00:44]} Bf7 {[%clk 00:59:16]} {[%emt 00:00:05]} 34. Kd3
{[%clk 01:13:48]} {[%emt 00:00:09]} Kc6 {[%clk 00:59:16]} {[%emt 00:00:03]} 35.
Kc3 {[%clk 01:13:48]} {[%emt 00:00:07]} Kb5 {[%clk 00:59:16]} {[%emt 00:00:03]}
36. b4 {[%clk 01:13:45]} {[%emt 00:00:14]} Ka4 {[%clk 00:58:38]} {[%emt
00:00:48]} 37. Bb6 {[%clk 01:13:45]} {[%emt 00:00:08]} g6 {[%clk 00:58:38]}
{[%emt 00:00:08]} 38. g3 {[%clk 01:13:45]} {[%emt 00:00:04]} Be6 {[%clk
00:58:38]} {[%emt 00:00:05]} 39. Bc5 {[%clk 01:13:45]} {[%emt 00:00:04]}
1/2-1/2